000 00736nam a2200265Ia 4500
003 OSt
005 20221006153128.0
006 a|||||r|||| 00| 0
007 ta
008 221006b |||||||| |||| 00| 0 jpn d
020 _c¥480
024 _a31,370
037 _bGift, Donated By Prof. Sonoko Hijikata
_cTextual
040 _aEASL
_cEASL
_bjpn
041 _2jpn
_ajpn
082 _aT1.42, M7
100 _aKAWAI Hayao
_9660516
245 0 _aKodomo no uchyu
260 _aTokyo
_bIwanami Japan
_c1987
300 _a216p.
_ccm.
490 _v JL
_aIwanami Shinsho, No. 386
650 _aJL
942 _hT1.42, M7
_cTEXL
_2CC
999 _c1099456
_d1099456